000 00602nam a2200229Ia 4500
003 OSt
005 20221007064316.0
006 a|||||r|||| 00| 0
007 ta
008 221006b |||||||| |||| 00| 0 eng d
024 _a29,754
037 _cTextual
040 _aFLL
_cFLL
_beng
041 _2eng
_aeng
082 _aWy72, L4.3
100 _aTupper C.L. Co.
245 0 _aIndian political practice
260 _aDelhi
_bB.R. Publishing Corporation India
_c1974
300 _aiv,243p
_ccm.
942 _hWy72, L4.3
_cTEXL
_2CC
999 _c1133680
_d1133680